| 000 | 00623nam a2200193Ia 4500 | ||
|---|---|---|---|
| 003 | GCL | ||
| 008 | 140319s9999 xx 000 0 ara d | ||
| 040 |
_aGCL / _cGCL |
||
| 082 | 0 | 4 |
_a370.13 _bش ت |
| 100 | 1 | _aطلعت عبدالحميد | |
| 245 | 1 | 0 |
_aالتربية المعاصرة (دورية) الاعداد, 32 , 31 , 33 , 30 , 12 , 36 , 34 , 9 , 8 , 7 , 16 / _cطلعت عبدالحميد |
| 700 | 1 | _aكمال نجيب | |
| 700 | 1 | _aتنسيل بدران | |
| 490 |
_a100 قصة _v0 |
||
| 650 | 0 | 4 | _aالتربية |
| 650 | 0 | 4 | _aالدوريات |
| 650 | 0 | 4 | _aالتربية والتعليم |
| 942 |
_2ddc _cBK |
||
| 999 |
_c45519 _d45519 |
||